000 00470nam a2200193Ia 4500
005 20250612144636.0
008 008 250505s9999 xx 000 0 eng d
020 _a9789391211417
040 _beng
_cILCL
041 _aeng
_2eng
084 _aZ2,122 R2
100 _aKusum
245 0 _aFamily Law 1
250 _a6
260 _aHaryana
_bLexis Nexis
_c2022
300 _alxxi,669p.
490 _aFamily Law Lectures
942 _cTB
_2Colon Classification
999 _c1312427
_d1312427